000 00546nam a2200229Ia 4500
999 _c63375
_d63375
003 0100
005 20180214092705.0
008 130303s9999 xx 000 0 und d
040 _cARRUPELIB
050 _aDT658.26.T87 2007
100 _aTurner, Thomas
_939171
245 4 _aThe Congo wars:
_bconflict, myth and reality /
260 _aLondon
_bZed Books
_c2007
300 _a243p.
300 _b 23 cm
650 _aLow Intensity conflicts (Military science)
_zCongo (Democratic Republic)
_939172
650 _aCongo (Democratic Republic)----
_xPolitics
_y1997-
_939056
650 _aPolitical violence
_xCongo (Democratic Republic)
_939173
942 _2lcc
_04
_cMONOGRAPH